000 00458nmm a2200169Ia 4500
008 251105s9999||||xx |||||||||||||||||und||
041 _aspa
100 _aKross, Jaan
245 0 _aVuelo estático
264 _a[Madrid, España] :
_bImpedimenta,
_c2017
300 _a478 páginas
650 _aOther narratives
700 _aKross, Jaan
700 1 _a Rubio Alcover, Consuelo
856 _uhttps://public.digitaliapublishing.com/a/50529
942 _cCF
999 _c67559
_d67559